000 00642nam a22002417a 4500
001 84951
003 BD-RjUL
005 20250519122554.0
008 250520s19571950pk 000 0 urd
035 _a(BD-RjUL) 84951
040 _aDLC
_cDLC
_beng
041 _aurd
082 _223
_a891.4391
_bAZI 1957
100 0 _aMomin Khan,
_d1800-1851?.
_915030
245 1 0 _a انتخاب مومن;; Intik̲h̲āb-i - Momin /
_cوقار عظيم ;; Waqar Azim
250 _a2nd.ed.
260 _aLahore :
_burdu makaj,
_c1957.
300 _a159 p. ;
_c18 cm.
500 _aPoems.
650 _apoem
942 _2ddc
_cBK
999 _c84951
_d84951